| 000 | 00493nam a2200169Ia 4500 | ||
|---|---|---|---|
| 005 | 20250317125108.0 | ||
| 008 | 008 250317s9999 xx 000 0 eng d | ||
| 037 | _aTextbook | ||
| 040 |
_aFMSL _beng _cFMSL |
||
| 041 |
_aeng _2eng |
||
| 084 |
_aX:8D N8 _qFMSL |
||
| 100 |
_aBrahmaiah B _9297313 |
||
| 245 | 0 | _aLease ficing: Theory and practice | |
| 260 |
_aMumbai _bMumbai, Himalaya publishing house _c1998 |
||
| 942 |
_cTB _hX:8D N8 |
||
| 999 |
_c1257989 _d1257989 |
||